00695nam a2200241Ia 4500001000900000003000500009005001700014008004100031020002200072040000900094082002000103100002000123245006800143260005200211300001700263503001300280504002800293650001500321650004000336650001500376650003200391700003000423dia_3330CHAP20251021150305.0220601s9999 xx 000 0 und d a978-0-471-17094-5 cCHAP a636.08 P66 2000 aPond, Wilson G. aIntroduction to animal science / Wilson G. Pond y Kevin R. Pond aEstados Unidos de América : John Wiley & Sons axiii, 687 p. aI.270075 aIncluye bibliografías a1. Ganado  aIndustria del ganado y de la carne  aLivestock  aLivestock and meat industry aPond, Kevin R., coaut.Ì